Statistics for Municipalities of Osaka Prefecture

Click here to take the quiz!

General Stats

  • This quiz has been taken 221 times
  • The average score is 23 of 43

Answers on the Map

Answers color-coded by a green-red scale on the quiz's map according to % correct below.
 

Answer Stats

Answer% Correct
Osaka 大阪
97%
Sakai 堺
86%
Higashiosaka 東大阪
80%
Yao 八尾
80%
Izumi 和泉
77%
Hirakata 枚方
73%
Takatsuki 高槻
72%
Ibaraki 茨木
70%
Suita 吹田
70%
Toyonaka 豊中
70%
Minoo 箕面
69%
Izumisano 泉佐野
64%
Neyagawa 寝屋川
64%
Kishiwada 岸和田
63%
Sennan 泉南
56%
Ikeda 池田
55%
Moriguchi 守口
55%
Kawachinagano 河内長野
53%
Nose 能勢
53%
Kadoma 門真
50%
Misaki 岬
50%
Settsu 摂津
50%
Izumiotsu 泉大津
48%
Chihayaakasaka 千早赤坂
47%
Daito 大東
47%
Hannan 阪南
47%
Kaizuka 貝塚
45%
Matsubara 松原
45%
Shimamoto 島本
45%
Tajiri 田尻
42%
Takaishi 高石
42%
Toyono 豊能
42%
Tondabayashi 富田林
41%
Habikino 羽曳野
39%
Kashiwara 柏原
39%
Katano 交野
39%
Shijonawate 四條畷
38%
Kumatori 熊取
36%
Taishi 太子
34%
Fujiidera 藤井寺
33%
Osakasayama 大阪狭山
33%
Tadaoka 忠岡
33%
Kanan 河南
31%

Score Distribution

Percentile by Number Answered

Percent of People with Each Score

Your Score History

You have not taken this quiz